000 00907nas a2200289 4500
001 BR2017001014
003 BR-BrBNA
005 20231205130908.0
007 ta
008 230509b bl.|||p| |||| 00| 00por d
040 _aBR-BrBNA
_bpor
_cBiblioteca Nacional de Agricultura
041 _a(En)
072 _aN20; F04
100 1 _aCarneiro, F.M.
100 1 _aFurlani, C.E.A.
100 1 _aOrmond, A.T.S.
100 1 _aKazama, E.H.
100 1 _aSIlva, R.P. da
245 1 _aMechanized fertilization: individual application of nitrogen, phosphorus and potassium in sugarcane
650 _aMECANIZAÇÃO AGRÍCOLA
650 _aCANA DE AÇÚCAR
650 _aADUBAÇÃO
650 _aPRODUTIVIDADE
773 0 _tRevista Ciência Agronômica (Brazil)
_xISSN 0045-6888
_g(Apr-Jun 2017), v. 48(2) p. 278-287
_wBR2017001014
909 _a202311
_bLúcia
_c55
_dLúcia Elande
942 _2AGRIS
_n0
_cANA
999 _c251907
_d251907